[Event "AUTO-ADV-458"]
[Site "http://www.queenalice.com/game.php?id=193229"]
[Date "2007.4.7"]
[Round "1"]
[White "Rachel"]
[Black "waldi"]
[Result "1-0"]
[WhiteElo "1866"]
[BlackElo "1989"]

1. e4 c5 2. c3 Nc6 3. d4 cxd4 4. cxd4 e6 5. Nf3 Bb4+ 6. Bd2 Qa5 7. a3 Bxd2+ 8.
Nbxd2 Qb6 9. b4 Nxd4 10. Nc4 Nxf3+ 11. Qxf3 Qd4 12. Rc1 Ne7 13. Rd1 Qf6 14. Qxf6
gxf6 15. Nd6+ Kf8 16. Rc1 Kg7 17. Bd3 Nc6 18. O-O Ne5 19. Rfd1 b6 20. f4 Nxd3
21. Rxd3 Ba6 22. b5 Bc8 23. Rg3+ Kh6 24. Nxf7+ Kh5 25. Rg7 Rf8 26. Rc3 Bb7 27.
Rh3# 1-0

[Event "AUTO-ADV-458"]
[Site "http://www.queenalice.com/game.php?id=193236"]
[Date "2007.4.7"]
[Round "1"]
[White "StenioVS"]
[Black "Rachel"]
[Result "0-1"]
[WhiteElo "1866"]
[BlackElo "1951"]

1. Nf3 d5 2. c4 dxc4 3. g3 g6 4. Bg2 Bg7 5. O-O Bd7 6. a4 Nc6 7. Qc2 Na5 8. Na3
Bf5 9. e4 Be6 10. Ng5 Qd7 11. Nxe6 Qxe6 12. d3 Nb3 13. Rb1 cxd3 14. Qxd3 Nd4 15.
Nb5 O-O-O 16. Rd1 a6 17. Nxd4 Rxd4 18. Qf3 Rxd1+ 19. Qxd1 Nf6 20. Qf1 Nxe4 21.
Be3 f5 22. b4 Rd8 23. Qe1 Nc3 24. Rc1 Qc4 25. Kh1 Qxb4 26. Bg5 Qxa4 27. Qxe7
Rd1+ 28. Bf1 Qe4+ 29. Qxe4 Nxe4 30. Rxd1 Nxf2+ 31. Kg2 Nxd1 32. Kf3 b5 33. Ke2
Nc3+ 34. Kd2 Ne4+ 0-1

[Event "AUTO-ADV-458"]
[Site "http://www.queenalice.com/game.php?id=193237"]
[Date "2007.4.7"]
[Round "1"]
[White "Rachel"]
[Black "StenioVS"]
[Result "1-0"]
[WhiteElo "1910"]
[BlackElo "1829"]

1. e4 e5 2. Nf3 Nc6 3. Bc4 Be7 4. d3 Nf6 5. Ng5 O-O 6. Nxf7 Rxf7 7. Bxf7+ Kxf7
8. O-O d6 9. Nc3 Be6 10. Bg5 Kg8 11. Qd2 h6 12. Bxf6 Bxf6 13. Nd5 Bxd5 14. exd5
Ne7 15. Qb4 b6 16. Qg4 Qc8 17. Qe4 Qf5 18. Rae1 Qxe4 19. dxe4 a5 20. Re3 g5 21.
Rc3 Rc8 22. Re1 Kf7 23. Rd1 Ke8 24. Rh3 Ng8 25. Rdd3 Ke7 26. Rc3 Kd7 27. Kf1 Rf8
28. Ke2 Bg7 29. a4 Nf6 30. Rc4 Ne8 31. Rg3 Rf4 32. Rgc3 h5 33. h3 h4 34. f3 Rf8
35. Kd3 Kc8 36. Rc6 Kb7 37. Kd2 Rf7 38. Kd1 Nf6 39. Ke1 Nh5 40. Kf2 Nf6 41. Ke2
Nh5 42. Ke1 Ng3 43. R6c4 Nh5 44. Kf1 Nf4 45. b4 axb4 46. Rxb4 Ng6 47. a5 Nf8 48.
Rbb3 Nd7 49. a6+ Kxa6 50. Rxc7 1-0

[Event "AUTO-ADV-458"]
[Site "http://www.queenalice.com/game.php?id=279448"]
[Date "2007.9.30"]
[Round "2"]
[White "willyanF"]
[Black "Rachel"]
[Result "0-1"]
[WhiteElo "1920"]
[BlackElo "1998"]

1. d4 c5 2. dxc5 b6 3. cxb6 Qxb6 4. Nc3 Nf6 5. Bf4 Qxb2 6. Be5 Nc6 7. Bxf6 exf6
8. Nd5 Bb4+ 9. Nxb4 Qc3+ 10. Qd2 Qxa1+ 0-1

[Event "AUTO-ADV-458"]
[Site "http://www.queenalice.com/game.php?id=279449"]
[Date "2007.9.30"]
[Round "2"]
[White "Rachel"]
[Black "willyanF"]
[Result "1-0"]
[WhiteElo "2015"]
[BlackElo "1920"]

1. d4 Nf6 2. c4 e6 3. Nf3 d5 4. e3 c5 5. Be2 dxc4 6. O-O b5 7. b3 cxb3 8. Bxb5+
Nbd7 9. axb3 Bd6 10. d5 Nxd5 11. e4 Nc7 12. Bc6 Rb8 13. Qxd6 1-0

[Event "Let's Play Chess!"]
[Site "http://www.queenalice.com/game.php?id=294905"]
[Date "2007.10.29"]
[Round "-"]
[White "Rachel"]
[Black "trallala"]
[Result "0-1"]
[WhiteElo "2049"]
[BlackElo "1815"]

1. e4 a5 2. d4 e6 3. Nf3 c5 4. Bb5 cxd4 5. Qxd4 Nc6 6. Bxc6 bxc6 7. O-O Nf6 8.
Nc3 d5 9. e5 Nd7 10. Bg5 Qb6 11. Qxb6 Nxb6 0-1

[Event "Challenge"]
[Site "http://www.queenalice.com/game.php?id=303712"]
[Date "2007.11.14"]
[Round "-"]
[White "Rachel"]
[Black "technicaldraw"]
[Result "1-0"]
[WhiteElo "2031"]
[BlackElo "2020"]

1. d4 Nf6 2. c4 e6 3. Nc3 Bb4 4. g3 d5 5. Nf3 O-O 6. Bg2 dxc4 7. O-O Nc6 8. a3
Bxc3 9. bxc3 Rb8 10. Qc2 h6 11. Nd2 Na5 12. a4 c6 13. Ba3 Re8 14. e4 e5 15. dxe5
Rxe5 16. Rfd1 Qe8 17. Bd6 1-0

[Event "Challenge"]
[Site "http://www.queenalice.com/game.php?id=339666"]
[Date "2008.1.20"]
[Round "-"]
[White "Rachel"]
[Black "albi"]
[Result "1-0"]
[WhiteElo "2020"]
[BlackElo "1837"]

1. e4 e5 2. Nf3 Nc6 3. Bb5 a6 4. Bxc6 dxc6 5. O-O Bg4 6. h3 Bxf3 7. Qxf3 Nf6 8.
d3 Be7 9. Qg3 Qd6 10. b3 Qd4 11. c3 Qd6 12. Nd2 O-O 13. Nc4 Qd8 14. Bh6 Ne8 15.
Nxe5 Bd6 16. f4 f6 17. Nc4 Kh8 18. e5 Bc5+ 19. d4 Bxd4+ 20. cxd4 Qxd4+ 21. Kh2
gxh6 22. Rad1 Qe4 23. Rfe1 Qg6 24. e6 Nd6 25. Nxd6 cxd6 26. Rxd6 Qxg3+ 27. Kxg3
Rg8+ 28. Kf3 Rad8 29. Rd7 Rb8 30. f5 1-0

[Event "AUTO-MASTER-576"]
[Site "http://www.queenalice.com/game.php?id=441071"]
[Date "2008.7.30"]
[Round "1"]
[White "Rachel"]
[Black "aormic"]
[Result "1-0"]
[WhiteElo "2090"]
[BlackElo "2003"]

1. e4 c5 2. Nf3 Nc6 3. c3 e5 4. Bc4 Qc7 5. O-O Be7 6. d4 cxd4 7. cxd4 Nxd4 8.
Nxd4 exd4 9. Qxd4 Nf6 10. e5 Bc5 11. Qf4 d5 12. exf6 Qxf4 13. Bb5+ 1-0

[Event "AUTO-MASTER-576"]
[Site "http://www.queenalice.com/game.php?id=441073"]
[Date "2008.7.30"]
[Round "1"]
[White "Rachel"]
[Black "skyknight193"]
[Result "1-0"]
[WhiteElo "2081"]
[BlackElo "1900"]

1. d4 d6 2. e4 Nf6 3. Nc3 g6 4. g4 Bxg4 5. f3 Bh5 6. Bg5 Nbd7 7. e5 dxe5 8. dxe5
Nxe5 9. Qxd8+ Rxd8 10. Bg2 Nc4 11. Bf1 1-0

[Event "AUTO-MASTER-576"]
[Site "http://www.queenalice.com/game.php?id=441074"]
[Date "2008.7.30"]
[Round "1"]
[White "skyknight193"]
[Black "Rachel"]
[Result "0-1"]
[WhiteElo "1909"]
[BlackElo "2072"]

1. d4 c5 2. e3 cxd4 3. exd4 d5 4. Nf3 e6 5. a3 Nf6 6. c4 Be7 7. Nc3 O-O 8. Bd3
Nc6 9. b3 dxc4 10. bxc4 Qc7 0-1

[Event "AUTO-MASTER-576"]
[Site "http://www.queenalice.com/game.php?id=441075"]
[Date "2008.7.30"]
[Round "1"]
[White "Rachel"]
[Black "JulioCG"]
[Result "1-0"]
[WhiteElo "2058"]
[BlackElo "2000"]

1. e4 e6 2. d4 d5 3. e5 Nc6 4. Nf3 a6 5. Bd3 f5 6. Ng5 Nce7 7. O-O Ng6 8. c4 c6
9. Nc3 b5 10. cxd5 cxd5 11. Nxb5 axb5 12. Bxb5+ Ke7 13. Qb3 Bd7 14. Bd2 Bxb5 15.
Qxb5 Qd7 16. Qb4+ Ke8 17. Qb6 h6 18. Nxe6 Kf7 19. Rfc1 Qxe6 20. Rc6 Rb8 21. Qc7+
Qe7 22. Qxb8 Qe8 23. e6+ 1-0

[Event "AUTO-MASTER-576"]
[Site "http://www.queenalice.com/game.php?id=441076"]
[Date "2008.7.30"]
[Round "1"]
[White "JulioCG"]
[Black "Rachel"]
[Result "1/2-1/2"]
[WhiteElo "2041"]
[BlackElo "2102"]

1. e4 c5 2. Nf3 Nc6 3. Bc4 e6 4. e5 d5 5. exd6 Bxd6 6. O-O Nge7 7. d4 O-O 8. Bg5
h6 9. Bh4 Qb6 10. Bxe7 Bxe7 11. dxc5 Qxc5 12. Bd3 Bf6 13. c3 Rd8 14. Qc2 Nb4 15.
cxb4 Qxc2 16. Bxc2 Bxb2 17. Nbd2 Bxa1 18. Rxa1 a5 19. bxa5 Rxa5 20. Bb3 b5 21.
Ne4 Bb7 22. Re1 b4 23. Ned2 Bd5 24. Nc4 Rc5 25. Nfd2 Bc6 26. f3 Rd4 27. Rd1 Bb5
28. Ne3 Be2 29. Ne4 Rxd1+ 30. Nxd1 Rc1 31. Nf2 g5 32. g4 Kg7 33. Kg2 Bxd1 34.
Nxd1 f5 35. h3 Kf6 36. Kf2 Ke5 37. Ke2 Kf4 38. Kf2 fxg4 39. hxg4 Rc5 40. Nb2 Rc3
41. Bd1 1/2-1/2

[Event "Let's Play Chess!"]
[Site "http://www.queenalice.com/game.php?id=441482"]
[Date "2008.7.31"]
[Round "-"]
[White "Rachel"]
[Black "CampbellMarcel"]
[Result "1-0"]
[WhiteElo "2029"]
[BlackElo "1809"]

1. e4 e5 2. b3 d6 3. Bb2 Be6 4. Nf3 Be7 5. d4 f6 6. Nc3 c6 7. d5 Bg4 8. Be2 h5
9. h3 Bd7 10. Nh4 g5 11. Bxh5+ Kf8 12. Ng6+ 1-0

[Event "Let's Play Chess!"]
[Site "http://www.queenalice.com/game.php?id=528255"]
[Date "2009.1.24"]
[Round "-"]
[White "Krugeller"]
[Black "Rachel"]
[Result "1-0"]
[WhiteElo "2304"]
[BlackElo "2102"]

1. e4 e5 2. Nf3 Nc6 3. Bb5 Nf6 4. O-O Be7 5. Nc3 a6 6. Bxc6 dxc6 7. Nxe5 Nxe4 8.
Nxe4 Qd5 9. Nxf7 Qxf7 10. d3 O-O 11. Be3 b6 12. Qd2 Bb7 13. Bg5 c5 14. Bxe7 Qxe7
15. Rae1 Qf7 16. b3 Rae8 17. Re3 Qf4 18. Rfe1 Bxe4 19. g3 Qg5 20. h4 1-0

[Event "AUTO-MASTER-576"]
[Site "http://www.queenalice.com/game.php?id=550504"]
[Date "2009.3.5"]
[Round "2"]
[White "Rachel"]
[Black "Catalin"]
[Result "0-1"]
[WhiteElo "2091"]
[BlackElo "2226"]

1. e4 e5 2. Nf3 Nc6 3. Bc4 Nf6 4. O-O Bc5 5. Nc3 d6 6. Ng5 O-O 7. Nxf7 Rxf7 8.
Bxf7+ Kxf7 9. h3 Bd4 10. Kh1 Kg8 0-1